[Event "Omnia dicta fortiora si dicta Latina."]
[Site "SchemingMind.com"]
[Date "2016.10.25"]
[Round "-"]
[White "echecs"]
[Black "JAHI"]
[Result "0-1"]
[WhiteCountry "ENG"]
[BlackCountry "INT"]
[WhiteElo "1873"]
[WhiteRD "67"]
[BlackElo "2084"]
[BlackRD "63"]
[GameID "405425"]

1. e4 g6 2. d4 Bg7 3. Nf3 c6 4. c3 a6 5. Be2 a5 6. O-O b6 7. Be3 Na6 8. Nbd2 b5 9. b3 Nc7 10. Rb1 Ba6
11. c4 Nf6 12. h3 d6 13. Qc2 Nd7 14. a4 b4 15. Rfe1 c5 16. Rbd1 cxd4 17. Nxd4 Bb7 18. Bd3 Nc5 19. Be2 Nd7 20. Bf3 Ne5
21. Be2 Nd7 22. f3 Nc5 23. Nb5 Rc8 24. Nf1 Nxb5 25. axb5 Qb6 26. Rb1 Ra8 27. Red1 Qc7 28. Kh1 Be5 29. Nh2 Bc3 30. Ng4 a4
31. bxa4 Nxa4 32. Bd4 Bxd4 33. Rxd4 Qc5 34. Rd3 f6 35. Rdb3 Nc3 36. Bf1 Nxb1 37. Qxb1 f5 38. exf5 gxf5 39. Nh6 Rf8 40. Qc1 Rf6
41. Bd3 Ra2 42. Qg5 Bxf3 43. Bf1 Bxg2+ 44. Bxg2 Ra1+ 45. Kh2 Qg1+ 46. Kg3 Rg6
0-1

[Event "Omnia dicta fortiora si dicta Latina."]
[Site "SchemingMind.com"]
[Date "2016.10.25"]
[Round "-"]
[White "JAHI"]
[Black "echecs"]
[Result "1/2-1/2"]
[WhiteCountry "INT"]
[BlackCountry "ENG"]
[WhiteElo "2062"]
[WhiteRD "61"]
[BlackElo "1863"]
[BlackRD "66"]
[GameID "405426"]

1. g3 e5 2. Bg2 d5 3. c3 Nf6 4. a3 c6 5. a4 Be7 6. b3 O-O 7. Na3 Nbd7 8. b4 a6 9. a5 b6 10. Qa4 b5
11. Qd1 Bb7 12. Nf3 Qc7 13. Nc2 c5 14. Ba3 c4 15. Bb2 Rad8 16. Nh4 g6 17. Nf3 Bc6 18. Rb1 Nh5 19. d3 Ng7 20. Bc1 Rfe8
21. d4 e4 22. Bf4 Bd6 23. Bxd6 Qxd6 24. Ng1 f5 25. Qd2 Nf6 26. Nh3 Re7 27. Qg5 Rde8 28. Nf4 Nfh5 29. e3 Qf6 30. Qxf6 Nxf6
31. Bf1 Ngh5 32. Be2 Nxf4 33. exf4 h5 34. Ne3 Kf7 35. h3 Ke6 36. Kf1 Rh7 37. Kg2 Rg8 38. h4 Kd6=
1/2-1/2